[Event "BPB Limburg Open"]
[Site "chess24.com"]
[Date "2017.06.05"]
[Round "6"]
[White "Van Dooren, Dirk"]
[Black "Vrolijk, Liam"]
[Result "1/2-1/2"]
[Board "5"]
[WhiteElo "2346"]
[WhiteTitle "FM"]
[WhiteCountry "NED"]
[WhiteFideId "1015761"]
[WhiteEloChange "2"]
[BlackElo "2401"]
[BlackTitle "FM"]
[BlackCountry "NED"]
[BlackFideId "1048333"]
[BlackEloChange "-1"]

1. e4 {[%clk 2:00:04]} e6 {[%clk 2:00:23]} 2. d4 {[%clk 2:00:10]} d5 {[%clk
2:00:33]} 3. exd5 {[%clk 2:00:19]} exd5 {[%clk 2:00:41]} 4. Nf3 {[%clk 2:00:27]}
Bd6 {[%clk 2:00:26]} 5. Bd3 {[%clk 2:00:31]} Ne7 {[%clk 1:59:43]} 6. O-O {[%clk
2:00:13]} O-O {[%clk 1:59:16]} 7. Nc3 {[%clk 1:59:32]} c6 {[%clk 1:59:20]} 8. Re1
{[%clk 1:50:55]} Bf5 {[%clk 1:53:14]} 9. Bxf5 {[%clk 1:42:43]} Nxf5 {[%clk
1:53:17]} 10. Qd3 {[%clk 1:42:56]} Nh4 {[%clk 1:47:31]} 11. Ng5 {[%clk 1:31:11]}
Ng6 {[%clk 1:47:22]} 12. h4 {[%clk 1:30:41]} Re8 {[%clk 1:45:09]} 13. Bd2 {[%clk
1:26:12]} h6 {[%clk 1:36:04]} 14. h5 {[%clk 1:19:27]} Nf8 {[%clk 1:35:52]} 15.
Nh3 {[%clk 1:17:07]} Na6 {[%clk 1:35:20]} 16. Rxe8 {[%clk 1:10:09]} Qxe8 {[%clk
1:33:51]} 17. Re1 {[%clk 0:55:12]} Qd7 {[%clk 1:33:54]} 18. Nd1 {[%clk 0:54:56]}
Re8 {[%clk 1:30:06]} 19. Rxe8 {[%clk 0:52:15]} Qxe8 {[%clk 1:30:11]} 20. Ne3
{[%clk 0:52:25]} Qe6 {[%clk 1:27:42]} 21. Nf5 {[%clk 0:44:38]} Nh7 {[%clk
1:26:08]} 22. Nxd6 {[%clk 0:41:00]} Qxd6 {[%clk 1:26:15]} 23. Qf5 {[%clk
0:41:10]} Qd8 {[%clk 1:24:15]} 24. Nf4 {[%clk 0:39:53]} Nf6 {[%clk 1:22:32]} 25.
Nd3 {[%clk 0:34:05]} Qd7 {[%clk 1:19:24]} 26. Qe5 {[%clk 0:33:01]} Qg4 {[%clk
1:15:47]} 27. f3 {[%clk 0:32:24]} Qe6 {[%clk 1:09:53]} 28. g4 {[%clk 0:31:38]}
Nd7 {[%clk 1:08:29]} 29. Qxe6 {[%clk 0:30:46]} fxe6 {[%clk 1:08:27]} 30. Bf4
{[%clk 0:30:58]} c5 {[%clk 1:05:31]} 31. Bd6 {[%clk 0:28:45]} cxd4 {[%clk
1:04:23]} 32. b4 {[%clk 0:28:52]} b6 {[%clk 1:02:10]} 33. a3 {[%clk 0:28:56]} Nf6
{[%clk 0:59:56]} 34. Ne5 {[%clk 0:26:19]} Ne8 {[%clk 0:58:04]} 35. Be7 {[%clk
0:26:31]} Nb8 {[%clk 0:54:37]} 36. Kf2 {[%clk 0:24:30]} Nf6 {[%clk 0:53:54]} 37.
Ke2 {[%clk 0:23:27]} Nfd7 {[%clk 0:52:10]} 38. Bd6 {[%clk 0:14:00]} Nxe5 {[%clk
0:51:40]} 39. Bxe5 {[%clk 0:14:12]} Nc6 {[%clk 0:49:12]} 40. f4 {[%clk 0:08:14]}
Nxe5 {[%clk 0:45:24]} 41. fxe5 {[%clk 0:08:23]} Kf7 {[%clk 0:45:30]} 42. Kd3
{[%clk 0:08:36]} Ke7 {[%clk 0:45:33]} 43. Kxd4 {[%clk 0:08:48]} Kd7 {[%clk
0:45:41]} 44. c4 {[%clk 0:08:58]} dxc4 {[%clk 0:45:51]} 45. Kxc4 {[%clk 0:09:10]}
Kc6 {[%clk 0:45:59]} 46. a4 {[%clk 0:09:07]} a6 {[%clk 0:46:09]} 47. a5 {[%clk
0:08:26]} b5+ {[%clk 0:46:15]} 48. Kd4 {[%clk 0:08:36]} Kd7 {[%clk 0:46:25]}
1/2-1/2

[Event "BPB Limburg Open"]
[Site "chess24.com"]
[Date "2017.06.05"]
[Round "6"]
[White "Keetman, Maaike"]
[Black "Warmerdam, Max"]
[Result "1/2-1/2"]
[Board "9"]
[WhiteElo "2144"]
[WhiteCountry "NED"]
[WhiteFideId "1033697"]
[WhiteEloChange "5"]
[BlackElo "2358"]
[BlackTitle "FM"]
[BlackCountry "NED"]
[BlackFideId "1048104"]
[BlackEloChange "-5"]

1. e4 {[%clk 2:00:28]} e5 {[%clk 2:00:22]} 2. Nf3 {[%clk 2:00:38]} Nc6 {[%clk
2:00:30]} 3. d4 {[%clk 1:59:10]} exd4 {[%clk 1:59:55]} 4. Nxd4 {[%clk 1:59:22]}
Bc5 {[%clk 1:59:50]} 5. Nb3 {[%clk 1:59:17]} Bb4+ {[%clk 1:57:30]} 6. Bd2 {[%clk
1:48:36]} a5 {[%clk 1:42:17]} 7. a3 {[%clk 1:35:52]} Bxd2+ {[%clk 1:40:06]} 8.
Qxd2 {[%clk 1:35:51]} a4 {[%clk 1:29:11]} 9. Nd4 {[%clk 1:34:23]} Qf6 {[%clk
1:28:23]} 10. Nb5 {[%clk 1:22:27]} Qxb2 {[%clk 1:27:13]} 11. Qc3 {[%clk 1:19:12]}
Qxc3+ {[%clk 1:16:38]} 1/2-1/2

[Event "BPB Limburg Open"]
[Site "chess24.com"]
[Date "2017.06.05"]
[Round "7"]
[White "Harff, Marcel"]
[Black "Frischmann, Rick"]
[Result "1/2-1/2"]
[Board "8"]
[WhiteElo "2377"]
[WhiteTitle "FM"]
[WhiteCountry "GER"]
[WhiteFideId "24621382"]
[WhiteEloChange "-2"]
[BlackElo "2304"]
[BlackCountry "GER"]
[BlackFideId "24660752"]
[BlackEloChange "2"]

1. c4 {[%clk 2:00:28]} e5 {[%clk 2:00:25]} 2. Nc3 {[%clk 2:00:37]} Bb4 {[%clk
2:00:36]} 3. Qc2 {[%clk 2:00:34]} Bxc3 {[%clk 1:33:16]} 4. Qxc3 {[%clk 1:59:18]}
Qe7 {[%clk 1:33:10]} 5. Nf3 {[%clk 1:57:30]} Nc6 {[%clk 1:31:04]} 6. d4 {[%clk
1:53:40]} e4 {[%clk 1:17:25]} 7. d5 {[%clk 1:51:55]} exf3 {[%clk 1:14:57]} 8.
dxc6 {[%clk 1:52:04]} fxe2 {[%clk 1:01:08]} 9. Bxe2 {[%clk 1:51:19]} Qf6 {[%clk
0:57:22]} 10. cxd7+ {[%clk 1:45:25]} Bxd7 {[%clk 0:56:50]} 11. Qg3 {[%clk
1:45:32]} O-O-O {[%clk 0:31:35]} 12. O-O {[%clk 1:44:08]} Qg6 {[%clk 0:31:26]}
13. Bf4 {[%clk 1:35:44]} Qxg3 {[%clk 0:31:14]} 14. hxg3 {[%clk 1:35:43]} Ne7
{[%clk 0:29:21]} 15. Rfe1 {[%clk 1:34:24]} Be6 {[%clk 0:24:36]} 16. Be5 {[%clk
1:32:42]} Rhg8 {[%clk 0:24:19]} 17. Rad1 {[%clk 1:32:45]} Rxd1 {[%clk 0:24:21]}
18. Rxd1 {[%clk 1:32:46]} Nc6 {[%clk 0:19:44]} 19. Bc3 {[%clk 1:32:57]} f6 {[%clk
0:19:25]} 20. f4 {[%clk 1:32:41]} Rd8 {[%clk 0:18:50]} 21. Rxd8+ {[%clk 1:32:34]}
Kxd8 {[%clk 0:17:43]} 22. Kf2 {[%clk 1:32:38]} Nb8 {[%clk 0:14:05]} 23. Ke3
{[%clk 1:29:55]} Nd7 {[%clk 0:13:59]} 24. g4 {[%clk 1:29:42]} h6 {[%clk 0:14:12]}
25. g5 {[%clk 1:29:13]} hxg5 {[%clk 0:14:13]} 26. fxg5 {[%clk 1:29:22]} Ke7
{[%clk 0:14:08]} 27. gxf6+ {[%clk 1:28:21]} gxf6 {[%clk 0:14:18]} 28. Bb4+ {[%clk
1:28:26]} c5 {[%clk 0:14:21]} 29. Bc3 {[%clk 1:28:01]} b5 {[%clk 0:09:36]} 30.
cxb5 {[%clk 1:27:56]} Bxa2 {[%clk 0:09:44]} 31. b4 {[%clk 1:28:00]} cxb4 {[%clk
0:05:50]} 32. Bxb4+ {[%clk 1:27:56]} Ke6 {[%clk 0:05:29]} 33. Kd4 {[%clk
1:27:49]} Nb6 {[%clk 0:04:16]} 34. Bc5 {[%clk 1:26:05]} f5 {[%clk 0:03:14]} 35.
Bd3 {[%clk 1:23:25]} Bb3 {[%clk 0:02:47]} 36. g3 {[%clk 1:23:06]} Bd1 {[%clk
0:02:24]} 37. Ke3 {[%clk 1:22:53]} Ba4 {[%clk 0:00:53]} 38. Kf4 {[%clk 1:22:07]}
Nd5+ {[%clk 0:00:43]} 39. Kg5 {[%clk 1:22:19]} Nc3 {[%clk 0:00:44]} 40. Bxf5+
{[%clk 1:22:13]} Kf7 {[%clk 0:00:28]} 41. Bxa7 {[%clk 1:22:16]} Bxb5 {[%clk
0:00:50]} 42. Kh4 {[%clk 1:21:46]} Nd5 {[%clk 0:00:34]} 43. g4 {[%clk 1:21:32]}
Ne7 {[%clk 0:00:48]} 44. Be4 {[%clk 1:21:23]} Bd7 {[%clk 0:00:56]} 45. g5 {[%clk
1:21:00]} Bf5 {[%clk 0:00:55]} 46. Bf3 {[%clk 1:21:03]} Kg7 {[%clk 0:00:36]} 47.
Bb8 {[%clk 1:20:24]} Kh7 {[%clk 0:00:42]} 48. Bd6 {[%clk 1:20:31]} Ng6+ {[%clk
0:00:50]} 49. Kg3 {[%clk 1:20:40]} Bb1 {[%clk 0:01:00]} 50. Bd5 {[%clk 1:20:31]}
Bc2 {[%clk 0:01:13]} 51. Kf3 {[%clk 1:20:00]} Bb1 {[%clk 0:01:24]} 52. Ke3 {[%clk
1:19:40]} Bc2 {[%clk 0:01:34]} 53. Ba2 {[%clk 1:19:15]} Bf5 {[%clk 0:01:42]} 54.
Kd4 {[%clk 1:19:17]} Bc2 {[%clk 0:01:52]} 55. Bc4 {[%clk 1:18:54]} 1/2-1/2

[Event "BPB Limburg Open"]
[Site "chess24.com"]
[Date "2017.06.05"]
[Round "7"]
[White "Warmerdam, Max"]
[Black "Prestel, Oliver"]
[Result "1/2-1/2"]
[Board "9"]
[WhiteElo "2358"]
[WhiteTitle "FM"]
[WhiteCountry "NED"]
[WhiteFideId "1048104"]
[WhiteEloChange "-6"]
[BlackElo "2101"]
[BlackCountry "GER"]
[BlackFideId "4642511"]
[BlackEloChange "6"]

1. e4 {[%clk 2:00:27]} e6 {[%clk 2:00:23]} 2. d4 {[%clk 2:00:33]} d5 {[%clk
2:00:26]} 3. Nc3 {[%clk 2:00:43]} Bb4 {[%clk 2:00:34]} 4. e5 {[%clk 2:00:54]} c5
{[%clk 2:00:28]} 5. a3 {[%clk 2:01:00]} Bxc3+ {[%clk 2:00:35]} 6. bxc3 {[%clk
2:01:11]} Ne7 {[%clk 2:00:26]} 7. a4 {[%clk 2:01:21]} Qa5 {[%clk 1:59:19]} 8. Qd2
{[%clk 2:01:08]} Nbc6 {[%clk 1:55:35]} 9. Nf3 {[%clk 2:00:21]} b6 {[%clk
1:51:16]} 10. Bb5 {[%clk 1:59:47]} Ba6 {[%clk 1:44:02]} 11. Rb1 {[%clk 1:59:53]}
O-O {[%clk 1:37:01]} 12. O-O {[%clk 1:59:21]} Rfc8 {[%clk 1:35:02]} 13. Qd3
{[%clk 1:56:09]} Bb7 {[%clk 1:29:23]} 14. Ng5 {[%clk 1:55:08]} Ng6 {[%clk
1:28:40]} 15. f4 {[%clk 1:54:15]} Nce7 {[%clk 1:27:34]} 16. Bd2 {[%clk 1:47:41]}
Rc7 {[%clk 1:16:18]} 17. Rf2 {[%clk 0:42:38]} c4 {[%clk 1:01:40]} 18. Qh3 {[%clk
0:41:26]} Nf8 {[%clk 1:00:59]} 19. g4 {[%clk 0:39:37]} a6 {[%clk 0:54:44]} 20. f5
{[%clk 0:37:12]} exf5 {[%clk 0:53:27]} 21. gxf5 {[%clk 0:34:54]} axb5 {[%clk
0:48:36]} 22. f6 {[%clk 0:34:06]} Bc8 {[%clk 0:48:20]} 23. Qh5 {[%clk 0:26:17]}
Nf5 {[%clk 0:40:57]} 24. fxg7 {[%clk 0:24:22]} Nxg7 {[%clk 0:39:48]} 25. Qh6
{[%clk 0:24:04]} Bf5 {[%clk 0:37:20]} 26. Rxf5 {[%clk 0:22:56]} Nxf5 {[%clk
0:37:15]} 27. Qf6 {[%clk 0:22:57]} Ng7 {[%clk 0:36:56]} 28. Rf1 {[%clk 0:19:29]}
Raa7 {[%clk 0:33:02]} 29. e6 {[%clk 0:13:19]} Ngxe6 {[%clk 0:29:06]} 30. Kh1
{[%clk 0:02:39]} Qxa4 {[%clk 0:18:39]} 31. Nxe6 {[%clk 0:00:47]} Nxe6 {[%clk
0:18:52]} 32. Bh6 {[%clk 0:00:37]} Qxc2 {[%clk 0:18:50]} 33. Qxe6 {[%clk
0:00:21]} Qe4+ {[%clk 0:18:42]} 34. Qxe4 {[%clk 0:00:48]} dxe4 {[%clk 0:18:43]}
35. Rg1+ {[%clk 0:01:00]} 1/2-1/2

[Event "BPB Limburg Open"]
[Site "chess24.com"]
[Date "2017.06.05"]
[Round "7"]
[White "Klein, Felix"]
[Black "Van Meegen, Ruud"]
[Result "1/2-1/2"]
[Board "11"]
[WhiteElo "2312"]
[WhiteTitle "FM"]
[WhiteCountry "GER"]
[WhiteFideId "24600458"]
[WhiteEloChange "-2"]
[BlackElo "2241"]
[BlackCountry "NED"]
[BlackFideId "1034995"]
[BlackEloChange "2"]

1. e4 {[%clk 2:00:18]} e5 {[%clk 2:00:23]} 2. Nf3 {[%clk 2:00:10]} Nc6 {[%clk
2:00:32]} 3. Bb5 {[%clk 1:59:52]} a6 {[%clk 2:00:38]} 4. Ba4 {[%clk 2:00:17]} Nf6
{[%clk 2:00:43]} 5. O-O {[%clk 2:00:10]} Be7 {[%clk 2:00:44]} 6. Re1 {[%clk
2:00:19]} b5 {[%clk 2:00:49]} 7. Bb3 {[%clk 2:00:29]} O-O {[%clk 2:00:54]} 8. a4
{[%clk 2:00:39]} b4 {[%clk 2:00:55]} 9. d4 {[%clk 1:58:02]} d6 {[%clk 2:00:45]}
10. dxe5 {[%clk 1:58:01]} Nxe5 {[%clk 2:00:27]} 11. Nxe5 {[%clk 1:58:10]} dxe5
{[%clk 2:00:37]} 12. Qf3 {[%clk 1:58:13]} Bb7 {[%clk 1:52:11]} 13. Nd2 {[%clk
1:57:35]} Bc5 {[%clk 1:47:40]} 14. h3 {[%clk 1:53:18]} Kh8 {[%clk 1:39:23]} 15.
g4 {[%clk 1:28:54]} Ne8 {[%clk 1:15:42]} 16. Nc4 {[%clk 1:25:53]} Nd6 {[%clk
0:52:39]} 17. Nxd6 {[%clk 1:10:34]} Qxd6 {[%clk 0:51:21]} 18. Be3 {[%clk
1:10:05]} Bxe3 {[%clk 0:49:50]} 19. Qxe3 {[%clk 1:09:59]} Rad8 {[%clk 0:49:12]}
20. a5 {[%clk 1:03:06]} Qg6 {[%clk 0:44:03]} 21. f3 {[%clk 0:57:44]} f5 {[%clk
0:36:41]} 22. exf5 {[%clk 0:52:35]} Rxf5 {[%clk 0:36:25]} 23. Rad1 {[%clk
0:52:38]} Rdf8 {[%clk 0:34:25]} 24. Bd5 {[%clk 0:52:26]} Bxd5 {[%clk 0:34:23]}
25. Rxd5 {[%clk 0:51:01]} Qf7 {[%clk 0:32:18]} 26. gxf5 {[%clk 0:47:50]} Qxd5
{[%clk 0:32:26]} 27. Qe4 {[%clk 0:46:13]} Qxa5 {[%clk 0:30:19]} 28. Qxe5 {[%clk
0:45:09]} Qb6+ {[%clk 0:28:45]} 29. Kg2 {[%clk 0:44:19]} h6 {[%clk 0:28:01]} 30.
Re2 {[%clk 0:42:22]} a5 {[%clk 0:23:03]} 31. b3 {[%clk 0:35:53]} Qa6 {[%clk
0:12:58]} 32. Rd2 {[%clk 0:35:20]} Qf6 {[%clk 0:08:43]} 33. Rd5 {[%clk 0:28:14]}
Qg5+ {[%clk 0:08:39]} 34. Kh2 {[%clk 0:27:53]} c6 {[%clk 0:06:44]} 35. f4 {[%clk
0:21:28]} Qh4 {[%clk 0:06:54]} 36. Rd2 {[%clk 0:20:31]} Qf6 {[%clk 0:04:56]} 37.
Rd6 {[%clk 0:19:19]} Qxe5 {[%clk 0:03:28]} 38. fxe5 {[%clk 0:19:31]} Rxf5 {[%clk
0:03:32]} 39. e6 {[%clk 0:19:38]} Re5 {[%clk 0:03:38]} 40. Rxc6 {[%clk 0:17:44]}
g5 {[%clk 0:01:33]} 41. Kg3 {[%clk 0:13:58]} Kg7 {[%clk 0:01:46]} 42. Kg4 {[%clk
0:08:16]} Kf6 {[%clk 0:01:58]} 43. e7+ {[%clk 0:08:11]} Kxe7 {[%clk 0:02:11]} 44.
Rxh6 {[%clk 0:08:22]} Kf7 {[%clk 0:02:21]} 45. Rc6 {[%clk 0:07:45]} Kg7 {[%clk
0:02:30]} 46. Kh5 {[%clk 0:07:09]} Kf7 {[%clk 0:02:37]} 47. Kg4 {[%clk 0:03:34]}
Rd5 {[%clk 0:02:35]} 48. h4 {[%clk 0:01:34]} gxh4 {[%clk 0:02:33]} 49. Kxh4
{[%clk 0:01:47]} Ke7 {[%clk 0:01:47]} 50. Kg4 {[%clk 0:01:59]} Kd7 {[%clk
0:01:56]} 51. Rc4 {[%clk 0:02:12]} Kd6 {[%clk 0:01:37]} 52. Kf4 {[%clk 0:02:23]}
Rc5 {[%clk 0:00:56]} 53. Rxc5 {[%clk 0:01:39]} Kxc5 {[%clk 0:01:08]} 54. Ke5
{[%clk 0:01:26]} Kb5 {[%clk 0:01:20]} 55. Kd5 {[%clk 0:01:19]} a4 {[%clk
0:01:32]} 56. bxa4+ {[%clk 0:01:12]} Kxa4 {[%clk 0:01:44]} 57. Kc4 {[%clk
0:00:55]} Ka3 {[%clk 0:01:53]} 58. Kb5 {[%clk 0:00:49]} b3 {[%clk 0:01:51]} 59.
cxb3 {[%clk 0:00:56]} Kxb3 {[%clk 0:02:03]} 1/2-1/2

[Event "BPB Limburg Open"]
[Site "chess24.com"]
[Date "2017.06.05"]
[Round "7"]
[White "Tang, Charlie"]
[Black "Keetman, Maaike"]
[Result "1/2-1/2"]
[Board "12"]
[WhiteElo "2067"]
[WhiteCountry "NED"]
[WhiteFideId "1051440"]
[WhiteEloChange "2"]
[BlackElo "2144"]
[BlackCountry "NED"]
[BlackFideId "1033697"]
[BlackEloChange "-2"]

1. e4 {[%clk 2:00:22]} c5 {[%clk 2:00:26]} 2. Nf3 {[%clk 2:00:25]} e6 {[%clk
2:00:37]} 3. d4 {[%clk 2:00:31]} cxd4 {[%clk 2:00:48]} 4. Nxd4 {[%clk 2:00:38]}
Nc6 {[%clk 2:01:00]} 5. Nc3 {[%clk 2:00:40]} Qc7 {[%clk 2:01:06]} 6. Be3 {[%clk
2:00:34]} Nf6 {[%clk 2:01:12]} 7. Qd2 {[%clk 1:59:20]} Bb4 {[%clk 2:00:56]} 8. f3
{[%clk 1:59:02]} Nxd4 {[%clk 2:00:22]} 9. Qxd4 {[%clk 1:56:47]} Bxc3+ {[%clk
2:00:27]} 10. bxc3 {[%clk 1:56:53]} O-O {[%clk 1:58:59]} 11. Bd3 {[%clk 1:48:14]}
e5 {[%clk 1:50:01]} 12. Qb4 {[%clk 1:47:51]} b6 {[%clk 1:43:54]} 13. O-O {[%clk
1:41:22]} Bb7 {[%clk 1:32:58]} 14. a4 {[%clk 1:28:13]} d5 {[%clk 1:25:31]} 15. a5
{[%clk 1:12:11]} bxa5 {[%clk 1:23:15]} 16. Qxa5 {[%clk 1:08:59]} Qxa5 {[%clk
1:18:55]} 17. Rxa5 {[%clk 1:08:44]} dxe4 {[%clk 1:18:07]} 18. fxe4 {[%clk
1:08:46]} Nxe4 {[%clk 1:16:40]} 19. Rxe5 {[%clk 1:03:58]} Nxc3 {[%clk 1:11:23]}
20. Bd4 {[%clk 1:03:00]} Rac8 {[%clk 1:04:12]} 21. Bxa7 {[%clk 1:00:06]} Rfe8
{[%clk 0:56:53]} 22. Rfe1 {[%clk 0:57:24]} Rxe5 {[%clk 0:56:01]} 23. Rxe5 {[%clk
0:57:33]} f6 {[%clk 0:54:09]} 24. Re7 {[%clk 0:57:16]} Bd5 {[%clk 0:53:27]} 25.
Bd4 {[%clk 0:56:53]} Kf8 {[%clk 0:49:23]} 26. Re3 {[%clk 0:54:32]} Na2 {[%clk
0:36:16]} 27. Bxh7 {[%clk 0:53:56]} Nb4 {[%clk 0:36:10]} 28. c3 {[%clk 0:53:52]}
Nc6 {[%clk 0:35:52]} 29. Bc5+ {[%clk 0:49:54]} Kf7 {[%clk 0:35:55]} 30. Bf5
{[%clk 0:47:52]} Ra8 {[%clk 0:34:22]} 31. Be4 {[%clk 0:40:26]} Bxe4 {[%clk
0:32:45]} 32. Rxe4 {[%clk 0:40:16]} Ne5 {[%clk 0:31:33]} 33. Bd4 {[%clk 0:39:54]}
Ra3 {[%clk 0:28:29]} 34. h3 {[%clk 0:39:39]} Nc6 {[%clk 0:27:58]} 35. Kf2 {[%clk
0:37:46]} Nxd4 {[%clk 0:27:56]} 36. cxd4 {[%clk 0:37:55]} f5 {[%clk 0:24:32]} 37.
Re3 {[%clk 0:35:28]} Ra2+ {[%clk 0:18:56]} 38. Re2 {[%clk 0:35:24]} Ra3 {[%clk
0:19:07]} 39. Re3 {[%clk 0:31:39]} Ra2+ {[%clk 0:19:11]} 40. Re2 {[%clk 0:31:25]}
Ra3 {[%clk 0:19:21]} 41. Ke1 {[%clk 0:30:18]} Kf6 {[%clk 0:18:13]} 42. Rd2 {[%clk
0:27:47]} 1/2-1/2